| 000 | 01101nam0a22002891 4500 | ||
|---|---|---|---|
| 001 | rc\4919117 | ||
| 005 | 20250613041053.0 | ||
| 021 |
_aRU _b[57-13120] |
||
| 035 | _a(NLR Aleph) 008940055 | ||
| 090 |
_a8940018 _c8940018 |
||
| 100 | _a20130426d1957 |||y0rusy50 ca | ||
| 101 | 0 |
_arus _afre |
|
| 102 | _aRU | ||
| 105 | _aa j ||||| | ||
| 200 | 1 |
_aУчебник французского языка _eДля IV класса школ с преподаванием ряда предметов на иностр. яз. |
|
| 210 |
_aМосква _cУчпедгиз _d1957 |
||
| 215 |
_a227 с. _cил. _d22 |
||
| 300 | _aНа переплете: Н.Н. Федотова, С.А. Маркова. Manuel de français | ||
| 517 | 0 | _aManuel de français | |
| 606 |
_aФранцузский язык _jУчебники и пособия _2psbo |
||
| 700 | 1 |
_aФедотова _bН.Н. _gНина Николаевна |
|
| 701 | 1 |
_aМаркова _bС.А. _gСофья Александровна |
|
| 801 | 0 |
_aRU _bNLR _gpsbo |
|
| 801 | 1 |
_aRU _bELAR _2rusmarc |
|
| 852 |
_aNLR _j57-5/1205 |
||
| 942 | _cBOOK | ||
| 980 | _aNB | ||